000 00801nas a2200265 4500
001 BR0000919
003 BR-BrBNA
005 20231205101754.0
007 ta
008 230509b bl.|||p| |||| 00| 00por d
040 _aBR-BrBNA
_bpor
_cBiblioteca Nacional de Agricultura
041 _a(Pt)
072 _aL53
100 1 _aBueno, R.
100 1 _aCosta, E.P.
100 1 _aGuimaraes, J.D.
100 1 _aValentim, F.M.
245 1 _aInfertilidade associada a espermiogenese imperfeita no cao - Relato de um caso
650 _aCao
650 _aEsterilidade
650 _aReproducao Animal
773 0 _tRevista Brasileira de Reproducao Animal (Brazil)
_xISSN 0102-0830
_g(Jul-Sep 1999), v. 23(3) p. 460-461
_wBR0000919
909 _a202311
_bLúcia
_c55
_dLúcia Elande
942 _2AGRIS
_n0
_cANA
999 _c163797
_d163797